000 00773nam a2200229Ia 4500
005 20250108124759.0
008 008 250107s9999 xx 000 0 hin d
020 _a978-81-85787-35-0
037 _aREF
040 _aCRL
_bhin
_cCRL
041 _ahin
_2hin
084 _aP111:4k L2(RR)
084 _qCRL
100 _aधर्मदास, अनु.
245 0 _aश्री तारतम सागर
_cधर्मदास, अनु.
260 _aजामनगर, भारत
_bनवतनपुरी धाम
_c2166
365 _aINR
_b10.5
490 _vभाग 1
650 _aहिन्दी कविताभारतीय साहित्य
_9729733
942 _cREF
_hP111:4k L2(RR)
999 _c1234554
_d1234554